000 00229nam a2200109Ia 4500
008 190216s9999||||xx |||||||||||||| ||und||
100 _aShukla M.C
245 0 _aCost Accounts
260 _bNull
_c1977
300 _a40p
942 _cBK
999 _c5077
_d5077